LEADER 01249nam a2200277 u 4500 001 000000053888 003 CaOOAMICUS 005 20070226115618.0 008 001123s1961 it u000 u ita u 035 $a10862200 040 $aPUL(R)$bita 100 1 $aMuzio, Giuseppe.$0(OLS)http://pul/name/507 245 13$aLa creazione dell'anima umana secondo S. Tommaso :$btesti tomistici con introduzione e note una recente /$cGiuseppe Muzio. 260 $aRoma :$bLibreria Editrice Salesiana,$c1961. 300 $a46 p. ;$c24 cm 490 1 $aQuaderni "Sodalitas thomistica" ;$v2 504 $aNote bibliografiche. 650 4$aTomismo.$0(OLS)http://pul/subject/597 650 4$aAnima.$0(OLS)http://pul/subject/4826 830 0$aQuaderni "Sodalitas thomistica" ;$v2.$0(OLS)http://pul/title/16511 850 $aPUL 852 $aPUL$W1$xDP1 Fondo Giannini$y60$m1555 E 18$j71030$nBK-PRI$b $qFondi$B71030$CPULBib$Z2$F71030 $H $81 941 1 $a1 961 $aINV: Fondo Giannini. 996 $6245$aLa creazione dell'anima umana secondo S. Tommaso :$btesti tomistici con introduzione e note una recente$9(OLS)http://pul/title/72280 996 $6260$aRoma :$bLibreria Editrice Salesiana$9(OLS)http://pul/publisher/56471 LEADER 01325nam a2200265 u 4500 001 000000047776 003 CaOOAMICUS 005 20070226114925.0 008 000202s1983 it af u000 u ita u 035 $a10840396 040 $aMSA$bita$dPUL(R) 100 1 $aFalzea, Angelo.$0(OLS)http://pul/name/28001 245 13$aIl gene giuridico /$ctesti di Angelo Falzea e Danilo Mainardi ; con la parte conclusiva del Discours sur la nature des animaux di George Louis de Buffon e la Prefazione istorica di Gaspare Gherardini ; una nota di Guido Giuffrè e quattro tavole di Robert Carroll. 260 $aMilano :$bGiuffrè,$c1983. 300 $a130 p., [4] c. di tav. :$bill. ;$c25 cm 650 4$aPsicologia comparata.$0(OLS)http://pul/subject/20142 700 1 $aBuffon, Georges Louis Leclerc,$ccomte de,$d1707-1788.$0(OLS)http://pul/name/9331 700 1 $aGherardini, Gaspare.$0(OLS)http://pul/name/34696 700 1 $aMainardi, Danilo,$d1933-$0(OLS)http://pul/name/34695 850 $aPUL 852 $aPUL$W1$xSL Diritto e Scienze Sociali 1$y4$m237 E 44$j63790$nBK-PRI$b $qStampati$B63790$CPULBib$Z2$F63790 $H $81 941 1 $a8 961 $aINV: 53060 996 $6245$aIl gene giuridico$9(OLS)http://pul/title/64316 996 $6260$aMilano :$bGiuffrè$9(OLS)http://pul/publisher/48401